| 000 | 00285nam a22001217a 4500 | ||
|---|---|---|---|
| 999 |
_c23108 _d23108 |
||
| 003 | NUST | ||
| 005 | 20171010173239.0 | ||
| 008 | 171010b xxu||||| |||| 00| 0 eng d | ||
| 020 | _a8120324390 | ||
| 040 |
_aDLC _bDLC _cRCMS |
||
| 082 | _a621.382NII | ||
| 100 |
_aNIIT _95329 |
||
| 245 |
_aTelecommunication And Internetworking: An Overview _cNiit |
||
| 260 |
_aIndia _bPrentice Hall of India _cC,2004 |
||
| 300 |
_ax,311p,: _bPb _c22,cm. |
||
| 538 | _iShelf No 2 Row No 1 | ||
| 650 |
_aTelecommunication _9238 |
||
| 856 | _3Table of Content only | ||
| 942 |
_cBK _2ddc |
||